000 00290nam a22001337a 4500
003 SGT
082 _a617.632
_bN24H
100 _aHeena
245 _aNutrition and Periodontal Health
_b2024
260 _bSGT University
_c2024
300 _a74
650 _aPeriodontology
942 _2ddc
_cTH
999 _c30357
_d30357